महारोग एड्स / (Record no. 120913)

MARC details
000 -LEADER
fixed length control field 01108nam a22002657a 4500
005 - DATE AND TIME OF LATEST TRANSACTION
control field 20170124103205.0
010 ## - LIBRARY OF CONGRESS CONTROL NUMBER
LC control number B-038515
020 ## - INTERNATIONAL STANDARD BOOK NUMBER
Terms of availability 150.00
International Standard Book Number 8173150680
035 ## - SYSTEM CONTROL NUMBER
System control number B-038515
037 ## - SOURCE OF ACQUISITION
Source of stock number/acquisition Cen Lib/Ret
040 ## - CATALOGING SOURCE
Original cataloging agency DPL
Language of cataloging HN
082 ## - DEWEY DECIMAL CLASSIFICATION NUMBER
Classification number 616.9792
Item number स्वर्णका
100 ## - MAIN ENTRY--PERSONAL NAME
Personal name स्वर्णकार, प्रेमचंद
9 (RLIN) 45019
245 ## - TITLE STATEMENT
Title महारोग एड्स /
Statement of responsibility, etc प्रेमचंद स्वर्णकार
246 ## - VARYING FORM OF TITLE
Title proper/short title Maharog aids /
Remainder of title by Premchand swarnkar
260 ## - PUBLICATION, DISTRIBUTION, ETC. (IMPRINT)
Place of publication, distribution, etc नयी दिल्ली
Name of publisher, distributor, etc प्रभात प्रकाशन
Date of publication, distribution, etc 2001
270 ## - ADDRESS
City नयी दिल्ली
Address 4/19 आसफ अली रोड
Postal code 110002
300 ## - PHYSICAL DESCRIPTION
Extent 214पृ.
Dimensions 20सेमी(अजिल्द )
500 ## - GENERAL NOTE
General note सन्दर्भ सूची शामिल
650 ## - SUBJECT ADDED ENTRY--TOPICAL TERM
Topical term or geographic name as entry element मानव रोग
General subdivision
Geographic subdivision
9 (RLIN) 86108
650 ## - SUBJECT ADDED ENTRY--TOPICAL TERM
Topical term or geographic name as entry element मानव रोग -- एड्स
9 (RLIN) 918
650 ## - SUBJECT ADDED ENTRY--TOPICAL TERM
Topical term or geographic name as entry element Human disease
9 (RLIN) 93364
650 ## - SUBJECT ADDED ENTRY--TOPICAL TERM
Topical term or geographic name as entry element Human disease - AIDS
9 (RLIN) 93365
942 ## - ADDED ENTRY ELEMENTS (KOHA)
Source of classification or shelving scheme Dewey Decimal Classification
Koha item type Hindi Books
Classification part 616.9792
Call number suffix स्वर्णका
Holdings
Withdrawn status Lost status Damaged status Not for loan Home library Current library Date acquired Source of acquisition Cost, normal purchase price Total Checkouts Full call number Barcode Date last seen Copy number Cost, replacement price Price effective from Koha item type
        Central Library Central Library 29/09/2015 Cen Lib/Ret 150.00   616.9792 स्वर्णका B-038515 29/09/2015 1 150.00 29/09/2015 Hindi Books

© Delhi Public Library
Hit Counter
free hit counter